| 000 | 00410nam a22001697a 4500 | ||
|---|---|---|---|
| 005 | 20160618100430.0 | ||
| 008 | 160618b xxu||||| |||| 00| 0 eng d | ||
| 020 | _a81-7808-978-5 | ||
| 041 | _aeng | ||
| 082 | _b8079 | ||
| 100 |
_aCutlip, Seot M and Others _92179 |
||
| 245 | _aEffective public relations | ||
| 260 |
_aDelhi _bPearson Education |
||
| 300 | _a571 | ||
| 650 |
_aManagement _9241 |
||
| 942 | _cBK | ||
| 999 |
_c3045 _d3044 |
||